000
00316nam a22001337a 4500
005
20251120083433.0
008
251120b |||||||| |||| 00| 0 eng d
040
_a
_c
100
_a
MALIK SAYED ABDUL
_9
1110
245
_a
BON JUI
250
_a
1ST
260
_a
DIBRUGARH
_b
BANI MANDIR
_c
1958
942
_2
ddc
_c
BK
999
_c
32197
_d
32197